000 01540nam a2200337 a 4500
001 ebr10211743
003 CaPaEBR
006 m u
007 cr cn|||||||||
008 071015s2008 caua s 001 0 eng
010 _z 2007042929
020 _z9781593271657 (pbk.)
020 _z1593271654 (pbk.)
040 _aCaPaEBR
_cCaPaEBR
035 _a(OCoLC)567931383
050 1 4 _aTK5105.585
_b.H385 2008eb
082 0 4 _a005.8
_222
100 1 _aHansteen, Peter N. M.
245 1 4 _aThe book of PF
_h[electronic resource] :
_ba no-nonsense guide to the OpenBSD firewall /
_cby Peter N.M. Hansteen.
260 _aSan Francisco :
_bNo Starch Press,
_cc2008.
300 _axix, 159 p. :
_bill.
500 _aIncludes index.
505 0 _aWhat PF is -- Let's get on with it -- Into the real world -- Wireless networks made easy -- Bigger or trickier networks -- Turning the tables for proactive defense -- Queues, shaping, and redundancy -- Logging, monitoring, and statistics -- Getting your setup just right.
533 _aElectronic reproduction.
_bPalo Alto, Calif. :
_cebrary,
_d2013.
_nAvailable via World Wide Web.
_nAccess may be limited to ebrary affiliated libraries.
630 0 0 _aOpenBSD (Electronic resource)
650 0 _aTCP/IP (Computer network protocol)
650 0 _aFirewalls (Computer security)
655 7 _aElectronic books.
_2local
710 2 _aebrary, Inc.
856 4 0 _uhttp://site.ebrary.com/lib/rucke/Doc?id=10211743
_zAn electronic book accessible through the World Wide Web; click to view
999 _c228316
_d228316